Strength of materials: Mechanics of solids (Record no. 18333)
[ view plain ]
| 000 -LEADER | |
|---|---|
| fixed length control field | 00481nam a2200181Ia 4500 |
| 008 - FIXED-LENGTH DATA ELEMENTS--GENERAL INFORMATION | |
| fixed length control field | 230917s9999||||xx |||||||||||||| ||und|| |
| 020 ## - ISBN | |
| Price | RS940 |
| 040 ## - CATALOGING SOURCE | |
| -- | 232426 |
| Original cataloging agency | VIVEKANANDA LIBRARY |
| 041 ## - Language | |
| -- | English |
| 082 ## - DDC NUMBER | |
| Classification number | 620.105 R11S(6) |
| 100 ## - MAIN ENTRY--PERSONAL NAME | |
| Personal name | Rajput, R K |
| 245 #0 - TITLE STATEMENT | |
| Title | Strength of materials: Mechanics of solids |
| 250 ## - EDITION STATEMENT | |
| Edition statement | 6th ed. |
| 260 ## - PUBLICATION, DISTRIBUTION, ETC. (IMPRINT) | |
| Place of publication, distribution, etc | New Delhi |
| Name of publisher, distributor, etc | S Chand |
| Date of publication, distribution, etc | 2016 |
| 300 ## - PHYSICAL DESCRIPTION | |
| Pages | xvi, 1650 p. |
| 500 ## - GENERAL NOTE | |
| General note | 2296 10/03/2016 HBD15/1732 12/03/2016 Main Budget |
| 942 ## - ADDED ENTRY ELEMENTS (KOHA) | |
| Koha item type | Books |
| Withdrawn status | Lost status | Damaged status | Not for loan | Location (home branch) | Sublocation or collection (holding branch) | Shelving location | Date acquired | Koha issues (times borrowed) | Koha full call number | Accession No. | Koha date last seen | Koha item type |
|---|---|---|---|---|---|---|---|---|---|---|---|---|
| VIVEKANANDA LIBRARY | VIVEKANANDA LIBRARY | UIET Library | 04/04/2016 | 7 | 620.105 R11S(6) | 352615 | 17/03/2025 | Books | ||||
| VIVEKANANDA LIBRARY | VIVEKANANDA LIBRARY | UIET Library | 04/04/2016 | 1 | 620.105 R11S(6) | 352616 | 14/10/2023 | Books | ||||
| VIVEKANANDA LIBRARY | VIVEKANANDA LIBRARY | UIET Library | 04/04/2016 | 5 | 620.105 R11S(6) | 352617 | 03/06/2025 | Books | ||||
| VIVEKANANDA LIBRARY | VIVEKANANDA LIBRARY | UIET Library | 04/04/2016 | 10 | 620.105 R11S(6) | 352618 | 27/03/2026 | Books | ||||
| VIVEKANANDA LIBRARY | VIVEKANANDA LIBRARY | UIET Library | 04/04/2016 | 1 | 620.105 R11S(6) | 352619 | 20/04/2026 | Books | ||||
| VIVEKANANDA LIBRARY | VIVEKANANDA LIBRARY | UIET Library | 04/04/2016 | 8 | 620.105 R11S(6) | 352620 | 21/03/2025 | Books | ||||
| VIVEKANANDA LIBRARY | VIVEKANANDA LIBRARY | UIET Library | 04/04/2016 | 4 | 620.105 R11S(6) | 352621 | 08/01/2026 | Books | ||||
| VIVEKANANDA LIBRARY | VIVEKANANDA LIBRARY | UIET Library | 04/04/2016 | 11 | 620.105 R11S(6) | 352622 | 18/02/2026 | Books | ||||
| VIVEKANANDA LIBRARY | VIVEKANANDA LIBRARY | UIET Library | 04/04/2016 | 620.105 R11S(6) | 352623 | 17/09/2023 | Books | |||||
| VIVEKANANDA LIBRARY | VIVEKANANDA LIBRARY | UIET Library | 04/04/2016 | 3 | 620.105 R11S(6) | 352624 | 17/04/2026 | Books |
